La configuración del pensamiento tecnológico en Colombia /

Detalles Bibliográficos
Autor principal: Villarreal Dorado, Myriam Amparo (Autor)
Formato: Electrónico eBook
Lenguaje:español
Publicado: Bogotá : Editorial Aula de Humanidades, 2024.
Edición:Primera edición.
Colección:Educación y pedagogía (Editorial Aula de Humanidades). Serie Historia de la educación.
Materias:
Acceso en línea:Digitalia Hispánica

MARC

LEADER 00000nam a2200000 i 4500
001 DIGAUHUM0032
003 NyNyDIG
007 cr |||||||||||
008 250501s2024 ck ob 000 0 spa d
006 m o d
035 |a (OCoLC)1519504532 
040 |a DGITA  |b eng  |e rda  |e pn  |c DGITA 
020 |a 9786287700673  |q (versión digital) 
020 |z 9786287700666  |q (versión impresa) 
043 |a s-ck--- 
050 1 4 |a T95 ebook 
100 1 |a Villarreal Dorado, Myriam Amparo,  |e author. 
245 1 3 |a La configuración del pensamiento tecnológico en Colombia /  |c Myriam Amparo Villarreal Dorado. 
250 |a Primera edición. 
264 1 |a Bogotá :  |b Editorial Aula de Humanidades,  |c 2024. 
300 |a 1 online resource :  |b illustrations. 
336 |a text  |b txt  |2 rdacontent 
337 |a computer  |b c  |2 rdamedia 
338 |a online resource  |b cr  |2 rdacarrier 
347 |a text file  |2 rdaft 
347 |b PDF 
490 1 |a Colección Educación y pedagogía. Serie Historia de la educación 
504 |a Includes bibliographical references and indexes. 
588 0 |a Online resource; title from PDF title page (Digitalia, viewed May 1, 2025) 
650 0 |a Technical education  |z Colombia. 
650 0 |a Technology  |x Study and teaching (Higher)  |z Colombia. 
791 2 |a Digitalia (Firm),  |e distributor. 
793 0 |g Digitalia eBook Collection:  |a Editorial Aula de Humanidades 
776 0 8 |i Print version:  |a Villarreal Dorado, Myriam Amparo.  |t Configuración del pensamiento tecnológico en Colombia.  |b Primera edición.  |d Bogotá : Editorial Aula de Humanidades, [2024]  |z 9786287700666 
830 0 |a Educación y pedagogía (Editorial Aula de Humanidades).  |p Serie Historia de la educación. 
856 4 0 |3 Digitalia Hispánica  |u https://www.digitaliapublishing.com/a/170620/ 
910 |a Premium collection: 2025